Les noms de scène des chanteuses françaises - Statistiques

Statistiques générales
  • Ce quiz a été pris 215 fois
  • Le résultat moyen est 9 sur 19
Statistiques - réponses
Vraie identité Prénom et nom % Correct
Isabelle Gall (1947-2018) France Gall
85%
Édith Gassion (1915-1963) Edith Piaf
77%
Laure Pester (1982) Lorie
69%
Ophélie Kleerekoper (1974) Ophélie Winter
67%
Isabelle Geffroy (1980) Zaz
66%
Olivia Blanc (1980) Olivia Ruiz
65%
Isabelle Marie Anne de Truchis de Varennes (1964) Zazie
64%
Chantal de Guerre (1942) Chantal Goya
61%
Anne Peichert (1996) Louane
61%
Annie Chancel (1945) Sheila
53%
Monique Serf (1930-1997) Barbara
37%
Mélanie Georgiadès (1980) Diam's
34%
Isabelle Morizet (1955) Karen Cheryl
30%
Maïtena Douménach (1939-2019) Marie Laforêt
27%
Catherine Bodet (1945) Catherine Lara
23%
Éliane Falliex (1962) Liane Foly
23%
Vanessa Annelyse Ève Garcin (1980) Eve Angeli
16%
Berthe Faquet (1885-1941) Berthe Silva
11%
Jeanne Florentine Bourgeois (1875-1956) Mistinguett
11%
Aucun quiz correspondant
Distribution des résultats
% des personnes avec chaque résultat
Percentile par nombre de réponses
Votre historique - résultats
Vous n’avez pas pris ce quiz